Методы подтверждения показателей энергетической эффективности. Энергосбережение. Общие требования; Р.50.1.026-2000

Bibliografiske detaljer
Sprog:russisk
Udgivet: Москва, Госстандарт России, 2001
Udgivelse:Изд. официальное
Serier:Рекомендации по стандартизации
Fag:
Format: MixedMaterials Bog
KOHA link:https://koha.lib.tpu.ru/cgi-bin/koha/opac-detail.pl?biblionumber=140558

MARC

LEADER 00000nam0a2200000 4500
001 140558
005 20231031142102.0
029 1 0 |a RU  |b 50.1.026-2000  |c Р 
035 |a (RuTPU)RU\TPU\book\152274 
035 |a RU\TPU\book\152014 
090 |a 140558 
100 |a 20080702d2001 k y0rusy50 ca 
101 0 |a rus 
102 |a RU 
105 |a a l 000zy 
200 1 |a Методы подтверждения показателей энергетической эффективности. Энергосбережение. Общие требования  |a Р.50.1.026-2000 
205 |a Изд. официальное 
210 |a Москва  |c Госстандарт России  |d 2001 
215 |a 9 с.  |c табл. 
225 1 |a Рекомендации по стандартизации 
229 |a Введены в действие Постановлением Госстандарта России от 28 декабря 2000 г. № 428-ст. Введены впервые 
610 1 |a рекомендации 
610 1 |a рекомендации по стандартизации 
610 1 |a энергетическая эффективность 
610 1 |a энергоснабжение 
610 1 |a расчетные методы 
610 1 |a экспериментальные методы 
675 |a 620.9(083)  |v 3 
675 |a 658.5.011.46(083)  |v 3 
801 1 |a RU  |b 63413507  |c 20030819  |g PSBO 
801 2 |a RU  |b 63413507  |c 20221207  |g PSBO 
942 |c BK